Les urgences cardio-pulmonaires - Statistiques

Statistiques générales
  • Ce quiz a été pris 82 fois
  • Le résultat moyen est 3 sur 5
Statistiques - réponses
Réponses % Correct
Embolie pulmonaire
75%
Infarctus du myocarde
62%
Dissection aortique
52%
Péricardite aiguë
44%
Pneumothorax
42%
Aucun quiz correspondant
Distribution des résultats
% des personnes avec chaque résultat
Percentile par nombre de réponses
Votre historique - résultats
Vous n’avez pas pris ce quiz